000 00869nam a22002897a 4500
001 BR0901932
003 BR-BrBNA
005 20230928102915.0
007 ta
008 230509b bl.||||| |||| 00| 0 por d
040 _aBR-BrBNA
_bpor
_cBiblioteca Nacional de Agricultura
041 _a(Por)
072 _aE14; J10
_b4440
090 _ 4440 BR0901932
110 1 _aServiço de Economia Rural, Rio de Janeiro, GB (Brasil)
_99315
245 1 _aProblemas da economia agrária brasileira: armazenagem e ensilagem; identificação do problema e sugestões
260 3 _aRio de Janeiro, GB (Brasil):
_c1962.
300 _a78 p.
650 _aARMAZEM
650 _aENSILAGEM
650 _aPOLÍTICA DE DESENVOLVIMENTO
650 _aFINANCIAMENTO
650 _aCOOPERATIVA
650 _aADMINISTRAÇÃO
909 _a202309
_bLucia
_c55
_dLucia Elande
942 _cBK
999 _c72930
_d72930